|
|
|
|
| LEADER |
00000nab a2200000 4500 |
| 001 |
vtls011869826 |
| 003 |
SK-MaSNL |
| 005 |
20260303210756.0 |
| 008 |
190606|2019 xo |||| ||an ||00 0|slo |
| 015 |
|
|
|a SNBRB2019/06
|
| 040 |
|
|
|a SPKCL
|b slo
|e rda
|
| 041 |
|
|
|a slo
|b slo
|
| 044 |
|
|
|a xo
|c SK
|
| 072 |
|
7 |
|a 316
|x Sociológia
|2 konspekt
|
| 072 |
|
7 |
|a 379.8
|x Voľný čas. Prázdniny
|2 konspekt
|
| 080 |
|
|
|a 316.346.32-053.2
|2 2011
|
| 080 |
|
|
|a 379.8
|2 2011
|
| 100 |
1 |
|
|a Bieliková, Marcela
|4 aut
|9 11719
|
| 245 |
1 |
0 |
|a Prežívanie voľného času detí a mládeže
|c Marcela Bieliková
|
| 300 |
|
|
|b Grafy
|
| 336 |
|
|
|a text
|b txt
|2 rdacontent
|
| 337 |
|
|
|a bez média
|b n
|2 rdamedia
|
| 338 |
|
|
|a zväzok
|b nc
|2 rdacarrier
|
| 504 |
|
|
|a Obsahuje bibliografiu
|
| 546 |
|
|
|a Slovenské resumé
|
| 650 |
0 |
7 |
|a deti a mládež
|2 SNKPH
|9 774
|
| 650 |
0 |
7 |
|a voľný čas
|2 SNKPH
|9 3355
|
| 773 |
0 |
|
|t Prevencia : informačný bulletin zameraný na prevenciu sociálno-patologických javov v rezorte školstva
|g Roč. XVIII, č. 1 (2019), s. 23-31
|x 1336-3689
|
| 787 |
0 |
8 |
|i Recenzia:
|
| 958 |
|
|
|a NB
|
| 999 |
|
|
|c 2201610
|d 2203540
|